Globalization, foreign capital and development / (Record no. 52942)

MARC details
000 -LEADER
fixed length control field 01066nam a22003257a 4500
005 - DATE AND TIME OF LATEST TRANSACTION
control field 20110616105017.0
008 - FIXED-LENGTH DATA ELEMENTS--GENERAL INFORMATION
fixed length control field 110616t xxu||||| |||| 00| 0 eng d
010 ## - LCCN (DPL NO)
LC control number ENG-102614
020 ## - INTERNATIONAL STANDARD BOOK NUMBER
Terms of availability 1380.00
International Standard Book Number 9788184840841
035 ## - SYSTEM CONTROL NUMBER
System control number EN-86147
037 ## - SOURCE OF ACQUISITION
Source of stock number/acquisition DBAD / PUB
040 ## - CATALOGING SOURCE
Original cataloging agency dpl
Language of cataloging English
082 ## - DEWEY DECIMAL CLASSIFICATION NUMBER
Classification number 332.6730954
100 ## - MAIN ENTRY--PERSONAL NAME
9 (RLIN) 28493
110 ## - MAIN ENTRY--CORPORATE NAME
9 (RLIN) 28532
245 ## - TITLE STATEMENT
Title Globalization, foreign capital and development /
Statement of responsibility, etc edited by Sutanu Bhattacharya...[et al]
260 ## - PUBLICATION, DISTRIBUTION, ETC. (IMPRINT)
Place of publication, distribution, etc New Delhi
Name of publisher, distributor, etc Regal Publications
Date of publication, distribution, etc 2011
270 ## - ADDRESS
Address F-159, Rajouri Garden
City New Delhi
Postal code 110027
Telephone number 45546396
300 ## - PHYSICAL DESCRIPTION
Extent xvii,338p.
Dimensions 22cm (Hb)
500 ## - GENERAL NOTE
General note Includes index
600 ## - SUBJECT ADDED ENTRY--PERSONAL NAME
9 (RLIN) 28594
610 ## - SUBJECT ADDED ENTRY--CORPORATE NAME
9 (RLIN) 28529
650 ## - SUBJECT ADDED ENTRY--TOPICAL TERM
9 (RLIN) 28580
651 ## - SUBJECT ADDED ENTRY--GEOGRAPHIC NAME
9 (RLIN) 28530
700 ## - ADDED ENTRY--PERSONAL NAME
9 (RLIN) 28520
Personal name Bhattacharya, Sutanu
710 ## - ADDED ENTRY--CORPORATE NAME
9 (RLIN) 28535
942 ## - ADDED ENTRY ELEMENTS (KOHA)
Source of classification or shelving scheme Dewey Decimal Classification
Item type English Books
Call number suffix GLO
Classification part 332.6730954
Holdings
Withdrawn status Lost status Source of classification or shelving scheme Damaged status Not for loan Collection code Home library Current library Date acquired Source of acquisition Cost, normal purchase price Total Checkouts Full call number Barcode Date last seen Copy number Cost, replacement price Koha item type
    Dewey Decimal Classification   Not For Loan Non-fiction D.B.Act.Division D.B.Act.Division 16/06/2011 DBAD/PUB 1380.00   332.6730954 GLO EN-86147 16/06/2011 1 1380.00 English Books

© Delhi Public Library
Hit Counter
free hit counter